000 01393nkm a2200289 i 4500
001 4221
003 ES-MaACL
005 20250819062456.0
007 khrbo
008 070703s1988 sp --- g |001||spa d
100 0 _aAlfonso,
_d1902-1990
_919858
245 1 0 _aConmemoración de la I República Española [
_hFotografía] /
_cAlfonso (sello).
260 _a[S.l. :
_bs.n.],
_c1988.
300 _a2 fot. :
_bb. y n. ;
_c12 x 18 cm.
500 _aDatos basados en invitación.
511 0 _aIntervienen: Julián Avilés Ferré, Manuel Riera Clavillé; presenta y coordina: Santiago Estecha Fernández.
518 _aActo organizado por las Sección de Ciencias Jurídicas y Políticas del Ateneo de Madrid en colaboración con Acción Republicana Democrática (ARDE), celebrado en el salón de actos el miércoles, 17 de febrero de 1988, a las 19:30 h.
600 1 4 _aAvilés Ferré, Julián.
_924075
600 1 4 _aRiera Clavillé, Manuel.
_997119
600 1 4 _aEstecha Fernández, Santiago.
_948088
610 2 4 _aAteneo de Madrid-
_xActos culturales-
_y1988-
_vFotografías.
_91903
710 2 _aAteneo de Madrid.
_bSección de Ciencias Jurídicas y Políticas.
_91984
710 0 _aAcción Republicana
_91249
852 _aES-MaACL
_jFOT 35/1988
856 4 _uhttp://www.ateneodemadrid.net/biblioteca_digital/imagenes/1988/0035-1988.jpg
_zVer imagen
999 _c4221
_d4221